Infant mortality; (Record no. 90209)
[ view plain ]
| 000 -LEADER | |
|---|---|
| fixed length control field | 00749cam a22002651 4500 |
| 001 - CONTROL NUMBER | |
| control field | sg 22000184 |
| 003 - CONTROL NUMBER IDENTIFIER | |
| control field | DLC |
| 005 - DATE AND TIME OF LATEST TRANSACTION | |
| control field | 20260227112739.0 |
| 008 - FIXED-LENGTH DATA ELEMENTS--GENERAL INFORMATION | |
| fixed length control field | 810622s1922 xx a 000 0 eng |
| 010 ## - LIBRARY OF CONGRESS CONTROL NUMBER | |
| LC control number | sg 22000184 |
| 035 ## - SYSTEM CONTROL NUMBER | |
| System control number | (OCoLC)14778369 |
| 040 ## - CATALOGING SOURCE | |
| Original cataloging agency | DLC |
| Transcribing agency | DNLM |
| Modifying agency | FMU |
| -- | DLC |
| 050 00 - LIBRARY OF CONGRESS CALL NUMBER | |
| Classification number | PA610 |
| Item number | .A8 |
| 060 0# - NATIONAL LIBRARY OF MEDICINE CALL NUMBER | |
| Classification number | HB 1323.I4 |
| Item number | A823i 1922 |
| 100 1# - MAIN ENTRY--PERSONAL NAME | |
| Personal name | Ashby, Hugh Tuke, |
| Dates associated with a name | 1880- |
| 245 10 - TITLE STATEMENT | |
| Title | Infant mortality; |
| Statement of responsibility, etc. | by Hugh T. Ashby ... |
| 250 ## - EDITION STATEMENT | |
| Edition statement | 2d ed. |
| 260 ## - PUBLICATION, DISTRIBUTION, ETC. | |
| Place of publication, distribution, etc. | Cambridge, |
| Name of publisher, distributor, etc. | University press, |
| Date of publication, distribution, etc. | 1922. |
| 300 ## - PHYSICAL DESCRIPTION | |
| Extent | xii, 224 p. |
| Other physical details | ill. |
| 490 0# - SERIES STATEMENT | |
| Series statement | Cambridge public health series |
| 504 ## - BIBLIOGRAPHY, ETC. NOTE | |
| Bibliography, etc. note | Contains bibliographies. |
| 650 #0 - SUBJECT ADDED ENTRY--TOPICAL TERM | |
| Topical term or geographic name entry element | Infants |
| General subdivision | Mortality. |
| 650 #0 - SUBJECT ADDED ENTRY--TOPICAL TERM | |
| Topical term or geographic name entry element | Child welfare |
| Geographic subdivision | Great Britain. |
| 650 #0 - SUBJECT ADDED ENTRY--TOPICAL TERM | |
| Topical term or geographic name entry element | Public health. |
No items available.